000
00312nam a2200133Ia 4500
100
_a
Boston''''s Computer Institute
942
_c
BK
654
_a
oracle
245
_a
Oracle 7.1 with developers 2000
260
_b
Boston Magt Consult
_c
1997
082
_a
005.133'O'
_b
BOS
300
_a
71
546
_a
ENGLISH
999
_c
29038
_d
29038